|
|
|
|
| LEADER |
00000cam a2200000 7i4500 |
| 001 |
0000003520 |
| 005 |
20060406.0 |
| 020 |
0 |
0 |
|a 981232366x
|
| 090 |
0 |
0 |
|a 582.16748095
|b ENG
|
| 100 |
1 |
0 |
|a Engel, David H.
|
| 245 |
1 |
0 |
|a A field guide to tropical plants of Asia
|c David H. Engel and Suchart Phummai
|
| 260 |
0 |
0 |
|a Singapore :
|b Times Editions ,
|c 2004
|
| 300 |
|
|
|a 280p. :
|b ill., col. ;
|c 22 cm.
|
| 650 |
0 |
0 |
|a Phummai, Suchart
|
| 650 |
0 |
0 |
|a Tropical plants
|x Identification
|z Asia
|
| 650 |
0 |
0 |
|a Woody plants
|x Identification
|z Asia
|
| 999 |
|
|
|a 0000006911
|b Monograph
|c Open Shelf
|e Default branch
|